000 00572cab a22001935a 4500
001 L154680
008 120112e20120107xxk 000 0 eng d
035 _a(Sirsi) u154680
041 0 _aeng
100 1 _aDear, Bruce
245 0 0 _aSurvival of the fittest
260 _c2012
490 _aEstates Gazette
_v(1201) 7 January 2012, 46-48(3)
520 _aArgues that investing in property during these difficult times requires intelligent due diligence by lawyers.
590 _aKA
651 4 _aUnited Kingdom
_y
690 _aProperty management
_96262
942 _n0
999 _c83703
_d83703